• 首页
  • 本馆介绍
  • 公告通知
  • 最新文献
  • 馆藏检索
  • 电子资源
  • 读者导购
  • 参考咨询
  • 我的图书馆
  • 登录
  • 详细信息显示
  • 放入我的书架
  • 预约/预借图书
  • 作者相关作品
  • 分类相关作品
  • 丛书相关作品
  • 出版社相关作品

书目信息

  • 表格格式
  • 工作单格式
  • 卡片格式
题名:
昆虫记:耀世典藏版
    
 
作者: 法布尔 著
分册:  
出版信息: 天津   天津人民出版社  2015
页数: 427
开本: 19cm
丛书名:
单 册:
中图分类: Q96-49
科图分类:
主题词:
电子资源:
ISBN: 978-7-201-09143-3
000 00449nam0 2200157 450
001 403
005 20160905100942.26
010    @a978-7-201-09143-3@d59.80
101    @achi
200    @a昆虫记:耀世典藏版@Akun chong ji:yao shi dian cang ban@f(法)法布尔著@F(fa)fa bu er zhu
210    @a天津@c天津人民出版社@d2015
215    @a427@d19cm
690    @aQ96-49@v4
701  0 @a法布尔@Afa bu er@4著
801  0 @aCN@b唐山师范学院图书馆@c20160722
905    @aZUCC@dQ96-49@e38
    
    昆虫记:耀世典藏版/(法)法布尔著.-天津:天津人民出版社,2015
    427;19cm
    
    
    ISBN 978-7-201-09143-3:59.80
    
●
相关链接 在E读中查询图书 在五车中查询图书 在当当中查询图书 在豆瓣中查询图书


正题名:昆虫记:耀世典藏版     索取号:Q96-49/38         预约/预借

序号 登录号 条形码 馆藏地/架位号 状态 备注
1 901701   209017017   第二样本阅览室/ [索取号:Q96-49/38] 在馆    
2 901702   209017026   第三借阅区/ [索取号:Q96-49/38] 在馆    
3 901703   209017035   第三借阅区/ [索取号:Q96-49/38] 在馆    
4 901704   209017044   第三借阅区/ [索取号:Q96-49/38] 在馆    
5 901705   209017053   第三借阅区/ [索取号:Q96-49/38] 在馆    
唐山师范学院图书馆 欢迎您!
大连网信软件有限公司© 版权所有